| 000 | 00471nam a2200157 i 4500 | ||
|---|---|---|---|
| 001 | 33760 | ||
| 003 | ES-MaACL | ||
| 005 | 20230906154821.0 | ||
| 007 | t| | ||
| 008 | 030203s1969 sp ||||1| spa d | ||
| 100 | 1 |
_aBibián de Miguel, Manuel Fernando. _928766 |
|
| 245 | 1 | 0 |
_aCantos a la vida / _cManuel Fdo. Bibián de Miguel. |
| 260 |
_a[S.l. : _bs.n., _c1969] ( _eZaragoza : _fVasconia) |
||
| 300 |
_a32 h. : _bil. ; _c22 cm. |
||
| 852 |
_aES-MaACL _j2066-F-22 _bR.69822 |
||
| 999 |
_c33760 _d33760 |
||